[Event "CZE-chT1W 2122"]
[Site "Czech Republic"]
[Date "2022.02.20"]
[Round "9.5"]
[White "Vojta, Jakub"]
[Black "Londyn, Radek"]
[Result "1-0"]
[WhiteElo "2123"]
[BlackElo "2386"]
[PlyCount "119"]
[EventDate "2021.10.10"]
[EventType "team-tourn"]
[EventRounds "11"]
[EventCountry "CZE"]
[SourceTitle "EXT 2023"]
[Source "ChessBase"]
[SourceDate "2022.10.05"]
[SourceVersion "1"]
[SourceVersionDate "2022.10.05"]
[SourceQuality "1"]
[WhiteTeam "Vlasim Spartak"]
[BlackTeam "Neratovice"]
[WhiteTeamCountry "CZE"]
[BlackTeamCountry "CZE"]

1. c4 g6 2. g3 Bg7 3. Bg2 d6 4. Nc3 c5 5. Rb1 Nc6 6. a3 a5 7. d3 e6 8. e4 Nge7 9. Nge2 0-0 10. Be3 b6 11. d4 e5 12. dxe5 dxe5 13. Nb5 Be6 14. Qxd8 Raxd8 15. b3 Rd7 16. Nec3 Nd4 17. Bxd4 cxd4 18. Nd5 Bxd5 19. cxd5 f5 20. Bh3 g5 21. d6 Nc8 22. Bxf5 Rxf5 23. exf5 Nxd6 24. Nxd6 Rxd6 25. Kd2 Bf8 26. Kd3 Rf6 27. Ke4 Bxa3 28. Kxe5 Kf7 29. Rbd1 Bc5 30. g4 Rh6 31. h4 gxh4 32. Kf4 Rd6 33. Rd3 b5 34. Rxh4 Kg8 35. Ke5 a4 36. bxa4 bxa4 37. g5 a3 38. Rh1 Ra6 39. Ra1 Ra5 40. Ke4 Kg7 41. f4 Ra4 42. Kd5 Ra5 43. Kc4 Bd6 44. f6+ Kg6 45. Rf3 Rf5 46. Kxd4 Rxf4+ 47. Rxf4 Bxf4 48. f7 Bd6 49. Kd5 Bf8 50. Ke6 Kxg5 51. Kd7 h5 52. Ke8 Bb4 53. Rb1 a2 54. Ra1 h4 55. Rxa2 Kh5 56. Ra4 Bd6 57. Rd4 Ba3 58. Rd3 Bb4 59. Re3 Kg5 60. Re7 1-0

[Event "BL2-Ost 1920"]
[Site "Germany"]
[Date "2019.12.07"]
[Round "5.6"]
[White "Londyn, Radek"]
[Black "Ivanov, Mikhail M"]
[Result "1-0"]
[WhiteElo "2404"]
[BlackElo "2342"]
[PlyCount "117"]
[EventDate "2019.10.19"]
[EventType "team-tourn"]
[EventRounds "11"]
[EventCountry "GER"]
[SourceTitle "CBM 194 Extra"]
[Source "ChessBase"]
[SourceDate "2020.03.31"]
[SourceVersion "1"]
[SourceVersionDate "2020.03.31"]
[SourceQuality "1"]
[WhiteTeam "Nickelhuette Aue"]
[BlackTeam "Bad Mergentheim"]
[WhiteTeamCountry "GER"]
[BlackTeamCountry "GER"]

1. Nf3 Nf6 2. d4 g6 3. Bg5 Bg7 4. c3 h6 5. Bh4 d6 6. Nbd2 0-0 7. e4 Nc6 8. Bc4 e5 9. dxe5 Nxe5 10. Nxe5 dxe5 11. 0-0 Qe8 12. a4 a5 13. Re1 Nh5 14. Nf1 Nf4 15. Ne3 c6 16. Qb3 g5 17. Bg3 Qe7 18. Rad1 Be6 19. Bxe6 Nxe6 20. Nf5 Qc7 21. h4 Rfd8 22. Qc4 Bf8 23. Qe2 f6 24. Qh5 Qh7 25. Rxd8 Rxd8 26. Rd1 Rxd1+ 27. Qxd1 Qf7 28. f3 Kh7 29. Bf2 gxh4 30. Bxh4 Bc5+ 31. Bf2 Bxf2+ 32. Kxf2 Ng7 33. Qd8 Nxf5 34. exf5 h5 35. Qxa5 Qd7 36. Qb4 c5 37. Qe4 Qd2+ 38. Qe2 Qf4 39. a5 h4 40. Qe4 Qg3+ 41. Kf1 h3 42. gxh3 Qxh3+ 43. Ke1 Qh1+ 44. Kd2 Qg2+ 45. Kc1 Qf1+ 46. Kc2 Qb5 47. Qg4 Qe2+ 48. Kb1 Qd1+ 49. Ka2 Qd8 50. Kb3 Qd1+ 51. Kc4 Qd6 52. Qg6+ Kh8 53. Qe8+ Kg7 54. Qb5 Qc7 55. Qxc5 Qd7 56. b4 Qxf5 57. Qe7+ Kh6 58. Qxb7 Qc2 59. Qe4 1-0

[Event "CZE-chT2A 1920"]
[Site "Czech Republic"]
[Date "2019.11.03"]
[Round "2.1"]
[White "Horak, Martin"]
[Black "Londyn, Radek"]
[Result "0-1"]
[WhiteElo "2329"]
[BlackElo "2401"]
[PlyCount "78"]
[EventDate "2019.10.13"]
[EventType "team-tourn"]
[EventRounds "11"]
[EventCountry "CZE"]
[SourceTitle "EXT 2024"]
[Source "ChessBase"]
[SourceDate "2023.10.10"]
[SourceVersion "1"]
[SourceVersionDate "2023.10.10"]
[SourceQuality "1"]
[WhiteTeam "Vlasim II"]
[BlackTeam "Vysehrad II"]
[WhiteTeamCountry "CZE"]
[BlackTeamCountry "CZE"]

1. d4 Nf6 2. c4 e6 3. Nc3 Bb4 4. e3 0-0 5. Bd3 d5 6. cxd5 exd5 7. Nge2 Bd6 8. h3 b6 9. Nf4 Bxf4 10. exf4 c5 11. Be3 Nc6 12. Bb5 Qd6 13. 0-0 a6 14. Bxc6 Qxc6 15. b3 Bb7 16. Rc1 b5 17. a4 c4 18. Rb1 b4 19. Ne2 a5 20. f5 c3 21. Rc1 Ba6 22. Re1 Bxe2 23. Qxe2 Rfe8 24. Qd3 Qd7 25. g4 h6 26. Kg2 Re7 27. Re2 Rae8 28. Rce1 Qd6 29. f3 Rc8 30. Rc2 Ree8 31. Qb5 Qc7 32. Ree2 Re7 33. Re1 Rce8 34. Qd3 h5 35. g5 h4 36. f4 Nh5 37. Rf2 Re4 38. Qd1 Ng3 39. Rf3 Nxf5 0-1

[Event "CZE-chT1W 1819"]
[Site "Czech Republic"]
[Date "2019.02.03"]
[Round "7.2"]
[White "Londyn, Radek"]
[Black "Juptner, Jan"]
[Result "1-0"]
[WhiteElo "2415"]
[BlackElo "2244"]
[PlyCount "71"]
[EventDate "2018.10.21"]
[EventType "team-tourn"]
[EventRounds "11"]
[EventCountry "CZE"]
[SourceTitle "CBM 188 Extra"]
[Source "ChessBase"]
[SourceDate "2019.02.26"]
[SourceVersion "1"]
[SourceVersionDate "2019.02.26"]
[SourceQuality "1"]
[WhiteTeam "Vysehrad"]
[BlackTeam "Lysa nad Labem III"]
[WhiteTeamCountry "CZE"]
[BlackTeamCountry "CZE"]

1. e4 c5 2. Nc3 Nc6 3. Nge2 e5 4. Nd5 d6 5. Nec3 Nge7 6. Bc4 Nxd5 7. Nxd5 Be7 8. d3 0-0 9. 0-0 Bg5 10. c3 Rb8 11. Bb3 Be6 12. f4 exf4 13. Bxf4 Na5 14. Bc2 Nc6 15. Qd2 Bxf4 16. Nxf4 Qg5 17. Qf2 Ne5 18. h4 Qe7 19. Qg3 Ng6 20. Nxe6 fxe6 21. h5 Ne5 22. d4 cxd4 23. cxd4 Nc6 24. Qe3 e5 25. dxe5 dxe5 26. Bb3+ Kh8 27. Bd5 Nd4 28. Qa3 Ne2+ 29. Kh2 Qh4+ 30. Qh3 Qg5 31. Rxf8+ Rxf8 32. Rf1 Nf4 33. g3 Ne6 34. Bxe6 Rxf1 35. Qxf1 Qxh5+ 36. Kg2 1-0

[Event "CZE-chT1W 1819"]
[Site "Czech Republic"]
[Date "2018.12.09"]
[Round "4.2"]
[White "Londyn, Radek"]
[Black "Neuman, Petr"]
[Result "1/2-1/2"]
[WhiteElo "2415"]
[BlackElo "2427"]
[PlyCount "96"]
[EventDate "2018.10.21"]
[EventType "team-tourn"]
[EventRounds "11"]
[EventCountry "CZE"]
[SourceTitle "CBM 187 Extra"]
[Source "ChessBase"]
[SourceDate "2018.11.04"]
[SourceVersion "1"]
[SourceVersionDate "2018.11.04"]
[SourceQuality "1"]
[WhiteTeam "Vysehrad"]
[BlackTeam "Kozolupy"]
[WhiteTeamCountry "CZE"]
[BlackTeamCountry "CZE"]

1. e4 c5 2. Be2 g6 3. f4 d5 4. d3 Nc6 5. Nf3 Bg7 6. 0-0 e6 7. c3 Nge7 8. Na3 d4 9. Qe1 b6 10. c4 f5 11. e5 Bb7 12. Nc2 a5 13. Na3 Na7 14. Ng5 Qd7 15. Bf3 Nec6 16. g4 h6 17. gxf5 hxg5 18. f6 Bf8 19. fxg5 Qh7 20. Bf4 0-0-0 21. Bg4 Re8 22. Qg3 Nd8 23. Rf2 Nf7 24. h3 Qh4 25. Qxh4 Rxh4 26. Kh2 Nc6 27. Re2 Nb4 28. Rd2 Kd7 29. Kg3 Rh8 30. h4 Nc6 31. Re1 Be7 32. fxe7 Nxe7 33. Nb5 Nf5+ 34. Bxf5 exf5 35. Rde2 Nd8 36. Nd6 Re6 37. a3 Ba8 38. b3 Re7 39. Rh2 Reh7 40. Rf1 Ne6 41. Bd2 Bc6 42. Rb1 Kc7 43. Rf1 Kd7 44. Ra1 Ng7 45. b4 Nh5+ 46. Kf2 Ng7 47. Kg3 Nh5+ 48. Kf2 Ng7 1/2-1/2

[Event "CZE-chT 1819"]
[Site "Czech Republic"]
[Date "2018.12.01"]
[Round "3.4"]
[White "Blahynka, Martin"]
[Black "Londyn, Radek"]
[Result "1-0"]
[WhiteElo "2426"]
[BlackElo "2415"]
[PlyCount "107"]
[EventDate "2018.11.03"]
[EventType "team-tourn"]
[EventRounds "11"]
[EventCountry "CZE"]
[SourceTitle "CBM 187 Extra"]
[Source "ChessBase"]
[SourceDate "2018.11.04"]
[SourceVersion "1"]
[SourceVersionDate "2018.11.04"]
[SourceQuality "1"]
[WhiteTeam "Brno Duras"]
[BlackTeam "Poruba Slavoj"]
[WhiteTeamCountry "CZE"]
[BlackTeamCountry "CZE"]

1. e4 e5 2. Nf3 Nc6 3. d4 exd4 4. Nxd4 Qf6 5. Nb3 Qg6 6. f3 Bd6 7. Be3 Bxh2 8. Qd2 Bg3+ 9. Bf2 Nf6 10. Nc3 0-0 11. 0-0-0 d6 12. Be3 Re8 13. Bd3 Nb4 14. Bc4 c6 15. Ne2 a5 16. Nxg3 d5 17. Nxa5 dxc4 18. Qxb4 Qxg3 19. Nxc4 Be6 20. Nd6 Rf8 21. a3 b5 22. Qd2 b4 23. Qxb4 Ng4 24. Qc3 Nxe3 25. Qxe3 Rfb8 26. Rh5 h6 27. Rc5 Ra6 28. Qc3 Rab6 29. b4 Qxg2 30. f4 Bg4 31. Re1 Ra6 32. Nc4 Rd8 33. Kb2 Qf2 34. Ne5 Qxf4 35. Rxc6 Ra7 36. Nxg4 Qxg4 37. Qe3 Qd7 38. Rc5 Rda8 39. Rc3 Qe6 40. Qc5 Ra6 41. Qf5 g5 42. b5 Rb6 43. Qxe6 Rxe6 44. Ree3 h5 45. Rc5 f6 46. Rb3 Kf7 47. b6 Rb8 48. b7 h4 49. a4 h3 50. Rxh3 Rxb7+ 51. Rb5 Rbe7 52. a5 Rxe4 53. a6 Rh4 54. Rxh4 1-0

[Event "CZE-chT1W 1718"]
[Site "Czech Republic"]
[Date "2018.02.18"]
[Round "8.1"]
[White "Londyn, Radek"]
[Black "Carlsson, Pontus"]
[Result "1-0"]
[WhiteElo "2421"]
[BlackElo "2449"]
[PlyCount "157"]
[EventDate "2017.10.29"]
[EventType "team-tourn"]
[EventRounds "11"]
[EventCountry "CZE"]
[SourceTitle "EXT 2019"]
[Source "ChessBase"]
[SourceDate "2018.10.10"]
[SourceVersion "1"]
[SourceVersionDate "2018.10.10"]
[SourceQuality "1"]
[WhiteTeam "Vysehrad"]
[BlackTeam "Praha DP Tarok"]
[WhiteTeamCountry "CZE"]
[BlackTeamCountry "CZE"]

1. e4 e6 2. d4 d5 3. exd5 exd5 4. Nf3 Nc6 5. Nc3 Bb4 6. a3 Bxc3+ 7. bxc3 Bg4 8. Rb1 Rb8 9. h3 Bh5 10. Bb5 Nge7 11. g4 Bg6 12. Ne5 0-0 13. Nxg6 Nxg6 14. h4 Re8+ 15. Kf1 Nf8 16. h5 h6 17. g5 hxg5 18. h6 g6 19. h7+ Nxh7 20. Qg4 Re4 21. f4 Qf6 22. Qh3 Qg7 23. Bxc6 g4 24. Qxh7+ Qxh7 25. Rxh7 Kxh7 26. Bxd5 Re7 27. Bd2 b6 28. Bc4 Kg7 29. Bd3 Rh8 30. Kg2 Rh3 31. Rf1 f5 32. c4 Kf6 33. d5 Reh7 34. Bc3+ Kf7 35. Rg1 Ke7 36. Be5 Kd7 37. a4 Rh2+ 38. Kf1 R7h3 39. Rg2 Rf3+ 40. Kg1 Rhh3 41. Rh2 Rxh2 42. Kxh2 a5 43. c5 bxc5 44. Bb5+ Kd8 45. Kg2 Re3 46. Kf2 Rh3 47. c3 Rh2+ 48. Kg3 Rh3+ 49. Kg2 Re3 50. Kf2 Rf3+ 51. Ke2 Rh3 52. Bf6+ Kc8 53. Be8 Kb7 54. Be5 Rh2+ 55. Kf1 Rh6 56. Kg2 Kb6 57. c4 Kb7 58. Bg7 Rh7 59. Bc3 Re7 60. Bxg6 Re2+ 61. Kf1 Rc2 62. Be5 Rxc4 63. Bxf5 Rxa4 64. Bxg4 Rb4 65. Bf3 Rb3 66. Ke2 Kc8 67. f5 Kd7 68. f6 Rb4 69. Ke3 a4 70. Be4 a3 71. Bf5+ Kd8 72. Be6 a2 73. f7 Ke7 74. Bxc7 Rb3+ 75. Ke4 a1Q 76. Bd6+ Kxd6 77. f8Q+ Kc7 78. d6+ Kc6 79. Bd5+ 1-0

[Event "CZE-chT1W 1718"]
[Site "Czech Republic"]
[Date "2018.02.04"]
[Round "7.1"]
[White "Cernousek, Lukas"]
[Black "Londyn, Radek"]
[Result "1/2-1/2"]
[WhiteElo "2450"]
[BlackElo "2421"]
[PlyCount "118"]
[EventDate "2017.10.29"]
[EventType "team-tourn"]
[EventRounds "11"]
[EventCountry "CZE"]
[SourceTitle "EXT 2019"]
[Source "ChessBase"]
[SourceDate "2018.10.10"]
[SourceVersion "1"]
[SourceVersionDate "2018.10.10"]
[SourceQuality "1"]
[WhiteTeam "Unichess"]
[BlackTeam "Vysehrad"]
[WhiteTeamCountry "CZE"]
[BlackTeamCountry "CZE"]

1. d4 Nf6 2. c4 e6 3. Nc3 d5 4. cxd5 Nxd5 5. e4 Nxc3 6. bxc3 c5 7. Nf3 cxd4 8. cxd4 Bb4+ 9. Bd2 Bxd2+ 10. Qxd2 0-0 11. Rc1 Nc6 12. Be2 Qa5 13. Qxa5 Nxa5 14. Rc7 b6 15. Kd2 Bb7 16. Ke3 Rac8 17. Rhc1 Rxc7 18. Rxc7 f6 19. Re7 Rc8 20. Rxe6 Rc3+ 21. Kf4 Kf7 22. Rd6 Ke7 23. e5 Rc2 24. Bd3 Rxf2 25. Kg3 Rxa2 26. Bf5 fxe5 27. dxe5 Re2 28. Rd7+ Kf8 29. Rd8+ Ke7 30. Rd7+ Kf8 31. e6 Bxf3 32. Kxf3 Re5 33. Kf4 Nc6 34. Rf7+ Kg8 35. Rc7 g6 36. Be4 g5+ 37. Ke3 Nb4 38. Kd4 Rxe6 39. Bxh7+ Kf8 40. Bf5 Re7 41. Rc8+ Kg7 42. Kc4 a5 43. g4 Re5 44. Kd4 Rd5+ 45. Ke4 a4 46. Rc4 a3 47. Rxb4 a2 48. Kxd5 a1Q 49. Rxb6 Qh1+ 50. Kc5 Qg1+ 51. Kb5 Kf7 52. Rg6 Qc1 53. Rh6 Qc3 54. Rg6 Qb3+ 55. Kc5 Qc3+ 56. Kd5 Qd2+ 57. Ke4 Qg2+ 58. Ke3 Qxh2 59. Kf3 Qh1+ 1/2-1/2

[Event "CZE-chT 1718"]
[Site "Czech Republic"]
[Date "2017.11.19"]
[Round "2.3"]
[White "Vojta, Tomas"]
[Black "Londyn, Radek"]
[Result "1/2-1/2"]
[WhiteElo "2351"]
[BlackElo "2421"]
[PlyCount "133"]
[EventDate "2017.11.18"]
[EventType "team-tourn"]
[EventRounds "11"]
[EventCountry "CZE"]
[SourceTitle "CBM 181 Extra"]
[Source "ChessBase"]
[SourceDate "2017.12.12"]
[SourceVersion "1"]
[SourceVersionDate "2017.12.12"]
[SourceQuality "1"]
[WhiteTeam "Brno Moravska Slavia"]
[BlackTeam "Lysa nad Labem II"]
[WhiteTeamCountry "CZE"]
[BlackTeamCountry "CZE"]

1. d4 Nf6 2. Nf3 d5 3. Bf4 c5 4. e3 Nc6 5. c3 Qb6 6. Qc1 Nh5 7. Bg3 Nxg3 8. hxg3 Bf5 9. Nh4 Bd7 10. Nf3 Rc8 11. Nbd2 g6 12. Nb3 c4 13. Nbd2 Bg7 14. Be2 Bg4 15. Bd1 0-0 16. Bc2 Rfe8 17. 0-0 e5 18. dxe5 Nxe5 19. Nxe5 Rxe5 20. Bd1 Bxd1 21. Rxd1 Rh5 22. Nf3 Qe6 23. Qd2 Rd8 24. Nd4 Qe5 25. Qe2 Qg5 26. g4 Rh4 27. f4 Qxg4 28. Qxg4 Rxg4 29. Kf2 Bf6 30. g3 h5 31. Kf3 Kh7 32. Rd2 Bxd4 33. Rxd4 g5 34. Rad1 gxf4 35. gxf4 Kg6 36. Rxd5 Rxd5 37. Rxd5 Rg1 38. e4 h4 39. Kf2 Rg4 40. Kf3 Rg3+ 41. Kf2 Rd3 42. Rg5+ Kh6 43. Kg2 Rd2+ 44. Kh3 Rxb2 45. Kxh4 Rc2 46. Rh5+ Kg7 47. Rg5+ Kf8 48. Rc5 Rxc3 49. Kg5 Ke7 50. Kf5 Kd6 51. Rc8 Kd7 52. Rf8 Ke7 53. Rb8 Rd3 54. Rxb7+ Rd7 55. Rb2 Rc7 56. Ke5 c3 57. Rc2 Rc4 58. a3 Kd7 59. Kd5 Ra4 60. Rxc3 f5 61. exf5 Ke7 62. Ke5 Ra5+ 63. Ke4 Kf6 64. Rc6+ Kf7 65. Rc7+ Kf6 66. Rc6+ Kf7 67. Rc7+ 1/2-1/2

[Event "CZE-chT 1718"]
[Site "Czech Republic"]
[Date "2017.11.18"]
[Round "1.3"]
[White "Londyn, Radek"]
[Black "Roubalik, Jakub"]
[Result "1/2-1/2"]
[WhiteElo "2421"]
[BlackElo "2400"]
[PlyCount "87"]
[EventDate "2017.11.18"]
[EventType "team-tourn"]
[EventRounds "11"]
[EventCountry "CZE"]
[SourceTitle "CBM 181 Extra"]
[Source "ChessBase"]
[SourceDate "2017.12.12"]
[SourceVersion "1"]
[SourceVersionDate "2017.12.12"]
[SourceQuality "1"]
[WhiteTeam "Lysa nad Labem II"]
[BlackTeam "Brno Duras"]
[WhiteTeamCountry "CZE"]
[BlackTeamCountry "CZE"]

1. d4 Nf6 2. Nc3 d5 3. Bf4 a6 4. e3 e6 5. g4 c5 6. g5 Nfd7 7. Nf3 Nc6 8. h4 b5 9. a3 Bb7 10. Rh3 Qb6 11. h5 h6 12. g6 f5 13. Ne2 0-0-0 14. c3 c4 15. Bg3 Nf6 16. Ne5 Nxe5 17. Bxe5 Rg8 18. Bxf6 gxf6 19. Rh1 Kb8 20. Bh3 Bd6 21. Rg1 Rg7 22. Qd2 Rh8 23. Rg2 a5 24. Ng1 Bc8 25. Nf3 Bf8 26. Nh4 Rb7 27. Kf1 Bg7 28. Kg1 Re8 29. Kh1 Ree7 30. Re1 Qd6 31. f3 b4 32. axb4 axb4 33. Ra1 Ra7 34. Rgg1 Reb7 35. Qh2 Qxh2+ 36. Kxh2 Rxa1 37. Rxa1 bxc3 38. bxc3 Rb2+ 39. Kh1 Rc2 40. Ra3 Re2 41. Ng2 Rf2 42. Nh4 Re2 43. Ng2 Rf2 44. Nh4 1/2-1/2

[Event "BL2-Ost 1718"]
[Site "Germany"]
[Date "2017.10.22"]
[Round "2.6"]
[White "Liepold, Stefan"]
[Black "Londyn, Radek"]
[Result "0-1"]
[WhiteElo "2168"]
[BlackElo "2426"]
[PlyCount "124"]
[EventDate "2017.10.21"]
[EventType "team-tourn"]
[EventRounds "10"]
[EventCountry "GER"]
[SourceTitle "CBM 183 Extra"]
[Source "ChessBase"]
[SourceDate "2018.04.19"]
[SourceVersion "1"]
[SourceVersionDate "2018.04.19"]
[SourceQuality "1"]
[WhiteTeam "Erlangen"]
[BlackTeam "Nickelhuette Aue"]
[WhiteTeamCountry "GER"]
[BlackTeamCountry "GER"]

1. e4 e5 2. Nf3 Nc6 3. Bb5 Nf6 4. 0-0 Nxe4 5. d4 Nd6 6. Bxc6 dxc6 7. dxe5 Nf5 8. Qxd8+ Kxd8 9. Nc3 Be7 10. h3 Nh4 11. Nxh4 Bxh4 12. Re1 h6 13. b3 Bf5 14. Bb2 Bxc2 15. e6 Ke8 16. Na4 Rg8 17. Nc5 Rc8 18. Rac1 Bf5 19. Rcd1 Bxe6 20. Rd3 Be7 21. Nxe6 fxe6 22. Rde3 Kf7 23. Rxe6 Rce8 24. R6e3 c5 25. Kf1 b5 26. Rf3+ Bf6 27. Rc1 c4 28. bxc4 b4 29. Bxf6 gxf6 30. Rd1 Rg5 31. Re3 Rxe3 32. fxe3 Ra5 33. Rd2 Ke6 34. Ke2 Ra3 35. Kf3 Rc3 36. Rd4 c5 37. Re4+ Kf7 38. Rh4 a5 39. Rxh6 a4 40. Rh7+ Ke6 41. Ra7 a3 42. h4 Rxc4 43. h5 Rh4 44. g4 Rh2 45. Ke4 Rxa2 46. Ra6+ Kf7 47. Ra7+ Ke6 48. Ra6+ Ke7 49. h6 c4 50. Kd5 c3 51. Ra7+ Kd8 52. h7 Rh2 53. Kd6 Ke8 54. Ke6 Kd8 55. Kd6 Kc8 56. Kc6 Kb8 57. Rb7+ Ka8 58. Rf7 Rh6 59. Rf8+ Ka7 60. h8Q Rxh8 61. Rxh8 c2 62. Rh1 b3 0-1

[Event "Prague Opocensky Memorial"]
[Site "Prague"]
[Date "2017.07.09"]
[Round "9"]
[White "Plat, Vojtech"]
[Black "Londyn, Radek"]
[Result "1-0"]
[WhiteElo "2520"]
[BlackElo "2431"]
[PlyCount "101"]
[EventDate "2017.07.01"]
[EventType "tourn"]
[EventRounds "9"]
[EventCountry "CZE"]
[EventCategory "4"]
[SourceTitle "CBM 179 Extra"]
[Source "ChessBase"]
[SourceDate "2017.08.23"]
[SourceVersion "1"]
[SourceVersionDate "2017.08.23"]
[SourceQuality "1"]

1. d4 d5 2. c4 e6 3. Nc3 a6 4. cxd5 exd5 5. Bf4 c6 6. e3 Bd6 7. Bg3 Ne7 8. Bd3 Bf5 9. Nf3 Bxg3 10. hxg3 Nd7 11. Qc2 Bxd3 12. Qxd3 Qb6 13. 0-0-0 h6 14. e4 0-0-0 15. exd5 Nxd5 16. Nxd5 cxd5 17. Rhe1 Rhe8 18. Qf5 Qc6+ 19. Kb1 Qg6 20. Nh4 Qxf5+ 21. Nxf5 Rxe1 22. Rxe1 Nf6 23. Nxg7 Ne4 24. Re2 Nd6 25. Re5 Ne4 26. Rf5 Rd7 27. Ne8 Re7 28. Nf6 Nxf6 29. Rxf6 Kd7 30. a3 Re1+ 31. Ka2 Ke7 32. Rb6 Re2 33. Rxb7+ Ke6 34. Rb6+ Kf5 35. Rxa6 Rxf2 36. Rxh6 Rxg2 37. a4 Ke4 38. a5 Kxd4 39. Rc6 Rxg3 40. b4 f5 41. a6 Rg8 42. b5 Ra8 43. Kb3 f4 44. Kb4 f3 45. Rf6 Ke4 46. Ka5 d4 47. b6 d3 48. b7 Rd8 49. a7 Rd5+ 50. Kb6 d2 51. b8Q 1-0

[Event "Prague Opocensky Memorial"]
[Site "Prague"]
[Date "2017.07.08"]
[Round "8"]
[White "Londyn, Radek"]
[Black "Havelka, Josef"]
[Result "0-1"]
[WhiteElo "2431"]
[BlackElo "2326"]
[PlyCount "114"]
[EventDate "2017.07.01"]
[EventType "tourn"]
[EventRounds "9"]
[EventCountry "CZE"]
[EventCategory "4"]
[SourceTitle "CBM 179 Extra"]
[Source "ChessBase"]
[SourceDate "2017.08.23"]
[SourceVersion "1"]
[SourceVersionDate "2017.08.23"]
[SourceQuality "1"]

1. e4 c5 2. Nf3 Nc6 3. d4 cxd4 4. Nxd4 Nf6 5. Nc3 d6 6. Bg5 Bd7 7. f3 Rc8 8. Qd2 Nxd4 9. Qxd4 Qa5 10. Bd2 a6 11. Nd5 Qc5 12. Qxc5 Rxc5 13. Nxf6+ gxf6 14. Bd3 h5 15. b4 Rc8 16. a4 Bh6 17. f4 Rg8 18. 0-0 f5 19. b5 axb5 20. axb5 fxe4 21. Bxe4 Bxb5 22. Rfb1 Bc6 23. Bxc6+ bxc6 24. Rb7 Kf8 25. Ra5 c5 26. Raa7 Re8 27. Kf2 f5 28. Ra6 Rg6 29. Ra3 Rg4 30. Kf3 Kf7 31. Rd3 Rg6 32. Be1 Bg7 33. Bh4 Bf6 34. Bxf6 Rxf6 35. Rdb3 Re6 36. Rb8 Rxb8 37. Rxb8 Re4 38. Rb1 Rc4 39. Rb2 Ke6 40. g3 Kd5 41. Ke3 e6 42. Kd2 Rb4 43. Ra2 h4 44. Ra8 hxg3 45. hxg3 Rb1 46. Ra3 Rb4 47. Ke3 Re4+ 48. Kd2 Rd4+ 49. Ke2 e5 50. Ke3 e4 51. Ra8 Rc4 52. Kd2 Kd4 53. Re8 e3+ 54. Kd1 Ra4 55. g4 fxg4 56. f5 Ra1+ 57. Ke2 Rc1 0-1

[Event "Prague Opocensky Memorial"]
[Site "Prague"]
[Date "2017.07.07"]
[Round "7"]
[White "Teh, Eu Wen Aron"]
[Black "Londyn, Radek"]
[Result "0-1"]
[WhiteElo "2285"]
[BlackElo "2431"]
[PlyCount "104"]
[EventDate "2017.07.01"]
[EventType "tourn"]
[EventRounds "9"]
[EventCountry "CZE"]
[EventCategory "4"]
[SourceTitle "CBM 179 Extra"]
[Source "ChessBase"]
[SourceDate "2017.08.23"]
[SourceVersion "1"]
[SourceVersionDate "2017.08.23"]
[SourceQuality "1"]

1. d4 d5 2. c4 e6 3. Nc3 a6 4. cxd5 exd5 5. Bf4 Nf6 6. e3 Bd6 7. Bg5 Be6 8. Bd3 Nbd7 9. Nge2 0-0 10. Qc2 h6 11. Bf4 Qe7 12. 0-0 b6 13. Rfd1 c5 14. dxc5 bxc5 15. Bxd6 Qxd6 16. Qa4 Rfb8 17. Qa3 Qe5 18. Na4 c4 19. Bc2 Bg4 20. f3 Be6 21. Qc3 Qc7 22. Rd2 Ne5 23. Rad1 Re8 24. Qd4 Rab8 25. Nac3 Kh8 26. Ba4 Re7 27. Nf4 Rd8 28. Nce2 Kg8 29. Kh1 Bd7 30. Bxd7 Rdxd7 31. Qc3 Qb7 32. Ng3 g6 33. Nge2 g5 34. Nh3 g4 35. Nhf4 gxf3 36. gxf3 d4 37. Nxd4 Nxf3 38. Nxf3 Qxf3+ 39. Rg2+ Ng4 40. Rdd2 Rxd2 41. Qxd2 Rxe3 42. Ne2 Kh7 43. Ng1 Qe4 44. h3 Rd3 45. Qe2 Ne3 46. Nf3 Rd1+ 47. Rg1 Rd3 48. Re1 Qd5 49. Qxe3 Rxe3 50. Rxe3 Qd1+ 51. Ng1 Qb1 52. b3 Qxa2 0-1

[Event "Prague Opocensky Memorial"]
[Site "Prague"]
[Date "2017.07.03"]
[Round "3"]
[White "Londyn, Radek"]
[Black "Tymrakiewicz, Rafal"]
[Result "1-0"]
[WhiteElo "2431"]
[BlackElo "2256"]
[PlyCount "87"]
[EventDate "2017.07.01"]
[EventType "tourn"]
[EventRounds "9"]
[EventCountry "CZE"]
[EventCategory "4"]
[SourceTitle "CBM 179 Extra"]
[Source "ChessBase"]
[SourceDate "2017.08.23"]
[SourceVersion "1"]
[SourceVersionDate "2017.08.23"]
[SourceQuality "1"]

1. e4 Nf6 2. e5 Nd5 3. d4 d6 4. Nf3 g6 5. Bc4 Nb6 6. Bb3 d5 7. h3 Bg7 8. 0-0 Nc6 9. Nc3 Na5 10. Bf4 Nac4 11. Qc1 h6 12. a4 Na5 13. Ba2 Be6 14. b4 Nc6 15. b5 Na5 16. Ne1 Nbc4 17. Nd3 b6 18. Re1 Qd7 19. Nb4 g5 20. Bg3 h5 21. Qxg5 Bh6 22. Qxh5 0-0-0 23. Qf3 Nd2 24. Qe2 Bxh3 25. Bxd5 Bg4 26. e6 fxe6 27. Qxg4 exd5 28. Qxd7+ Rxd7 29. Ncxd5 e6 30. Rxe6 Rdh7 31. Nf6 Rg7 32. Rae1 Kb7 33. Re8 Rxe8 34. Rxe8 a6 35. bxa6+ Ka7 36. Rc8 Rxg3 37. fxg3 Be3+ 38. Kh2 c5 39. Rc7+ Kb8 40. a7+ Ka8 41. Nfd5 Ndc4 42. Nxe3 Nxe3 43. dxc5 bxc5 44. Nc6 1-0

[Event "Prague Opocensky Memorial"]
[Site "Prague"]
[Date "2017.07.01"]
[Round "1"]
[White "Londyn, Radek"]
[Black "Sharashenidze, Akaki"]
[Result "1/2-1/2"]
[WhiteElo "2431"]
[BlackElo "2363"]
[PlyCount "133"]
[EventDate "2017.07.01"]
[EventType "tourn"]
[EventRounds "9"]
[EventCountry "CZE"]
[EventCategory "4"]
[SourceTitle "CBM 179 Extra"]
[Source "ChessBase"]
[SourceDate "2017.08.23"]
[SourceVersion "1"]
[SourceVersionDate "2017.08.23"]
[SourceQuality "1"]

1. e4 d6 2. d4 Nf6 3. Nc3 e5 4. Nf3 Nbd7 5. Bc4 Be7 6. 0-0 0-0 7. Re1 c6 8. a4 a5 9. h3 exd4 10. Nxd4 Nc5 11. Bf4 Re8 12. Qf3 Bf8 13. Rad1 Ne6 14. Be3 Nxd4 15. Bxd4 Be6 16. Bf1 Nd7 17. Qg3 f6 18. b3 Bf7 19. Kh1 Ne5 20. Be3 Ng6 21. Kg1 Qe7 22. f4 Qc7 23. Qf2 d5 24. f5 Ne7 25. Bf4 Qc8 26. g4 dxe4 27. Nxe4 Nd5 28. Bg3 Rxe4 29. Rxe4 Nc3 30. Ree1 Nxd1 31. Rxd1 h5 32. Qd4 hxg4 33. hxg4 Qe8 34. Bc4 b5 35. Re1 Rd8 36. Qa7 Qd7 37. Qxd7 Rxd7 38. axb5 cxb5 39. Bxb5 Rd4 40. Be2 Rd2 41. Bd3 Bxb3 42. Re8 Kf7 43. Rc8 Bd5 44. Rd8 Rg2+ 45. Kf1 Rxg3 46. Rxd5 Bb4 47. Rd7+ Kf8 48. Rd4 Re3 49. Rc4 Re7 50. Kf2 Bd6 51. Rc6 Be5 52. Bb5 Rc7 53. Rxc7 Bxc7 54. Ke3 Ke7 55. Kd4 Kd6 56. Kc4 Bb6 57. Ba4 Be3 58. Kb5 Bd2 59. c4 Kc7 60. Kc5 Be3+ 61. Kd5 Bf4 62. c5 Be3 63. c6 Bf4 64. Ke6 Bh6 65. Kf7 Kd6 66. Kg6 Kc7 67. Kf7 1/2-1/2